000 00594cam a2200181 4500
001 ABS66612
008 030423n2003 000 0 eng u
035 _a(Sirsi) u122069
100 _aBlyth, I.
245 4 _aThe redesign of building industry PI
260 _c2003
490 _aBuilding Economist
_v March 2003, 33-34(2)
520 _aOverview of professional indemnity insurance, which impacts adversely on small businesses, the built environment and the general community.
590 _aABS
650 _aPROFESSIONAL INDEMNITY INSURANCE
690 _aInsurance
_96249
942 _n0
999 _c72533
_d72533